000 00935nam a22001817a 4500
003 OSt
005 20260318012711.0
008 260318b |||||||| |||| 00| 0 eng d
040 _aDWCL GS library
_cOC
082 _aFic. T577f 1993
100 _a Tolkein , J.R.R
245 _athe fellowship of the ring
_b: being the first part of the lord of the rings
_cJ.R.R Tolkein
260 _aNew York
_bHoughton Mifflin company
_cC1954
300 _a398
_c21cm
520 _aThe Fellowship of the Ring (1954), the first volume of J.R.R. Tolkien’s The Lord of the Rings, follows hobbit Frodo Baggins as he inherits the dangerous One Ring from Bilbo Baggins. Advised by Gandalf, Frodo flees the Shire with his companions to prevent the Dark Lord Sauron from retrieving the ring, leading to a perilous journey toward Rivendell.
700 _aJ.R.R Tolkein
942 _2ddc
_cFIC.
_hFic. T577f 1993
_n0
999 _c9255
_d9255